[Event "37th Reykjavik op"]
[Site "Reykjavik ISL"]
[Date "2024.03.18"]
[Round "6.15"]
[White "Hjartarson, Johann"]
[Black "Sushanth, Kamabathula"]
[WhiteElo "2460"]
[BlackElo "1918"]
[Result "1/2-1/2"]
[EventDate "2024.03.15"]
[PlyCount "118"]

1. c4 { [%eval 0.16] [%clk 1:27:52] } 1... Nf6 { [%eval 0.21] [%clk 1:30:46] } 2. Nc3 { [%eval 0.1] [%clk 1:27:33] } 2... g6 { [%eval 0.51] [%clk 1:31:08] } 3. e4 { [%eval 0.24] [%clk 1:27:00] } 3... d6 { [%eval 0.76] [%clk 1:31:13] } 4. d4 { [%eval 0.7] [%clk 1:27:19] } 4... Bg7 { [%eval 0.58] [%clk 1:31:31] } 5. Nf3 { [%eval 0.57] [%clk 1:27:39] } 5... O-O { [%eval 0.48] [%clk 1:31:38] } 6. Be2 { [%eval 0.5] [%clk 1:28:04] } 6... e5 { [%eval 0.64] [%clk 1:31:55] } 7. d5 { [%eval 0.13] [%clk 1:28:23] } 7... Nbd7?! { [%eval 0.86] } { Inaccuracy. a5 was best. } { [%clk 1:30:43] } (7... a5 8. Be3 Na6 9. O-O Nc5 10. Qc2 Nfd7 11. Nd2 f5 12. f3) 8. Be3 { [%eval 0.66] [%clk 1:26:27] } 8... a5 { [%eval 0.84] [%clk 1:28:02] } 9. O-O?! { [%eval 0.08] } { Inaccuracy. h3 was best. } { [%clk 1:25:14] } (9. h3 Ne8 10. g4 Nc5 11. Qc2 c6 12. Nd2 a4 13. h4 cxd5 14. cxd5 Bd7 15. g5 f6) 9... Ng4 { [%eval 0.16] [%clk 1:26:48] } 10. Bg5 { [%eval 0.1] [%clk 1:25:31] } 10... f6 { [%eval -0.06] [%clk 1:26:37] } 11. Bh4 { [%eval -0.08] [%clk 1:24:13] } 11... Nc5 { [%eval -0.05] [%clk 1:26:04] } 12. Nd2 { [%eval -0.08] [%clk 1:23:50] } 12... Nh6 { [%eval 0.33] [%clk 1:26:10] } 13. f3 { [%eval 0.41] [%clk 1:22:02] } 13... b6 { [%eval 0.48] [%clk 1:23:42] } 14. b3 { [%eval 0.53] [%clk 1:18:19] } 14... Rf7?! { [%eval 1.1] } { Inaccuracy. g5 was best. } { [%clk 1:18:35] } (14... g5 15. Bf2) 15. a3 { [%eval 1.17] [%clk 1:16:40] } 15... Bf8 { [%eval 1.23] [%clk 1:18:25] } 16. b4 { [%eval 1.07] [%clk 1:15:59] } 16... Nb7 { [%eval 1.23] [%clk 1:18:05] } 17. Nb3 { [%eval 1.18] [%clk 1:13:30] } 17... Qe8 { [%eval 1.32] [%clk 1:16:15] } 18. Bf2 { [%eval 1.14] [%clk 1:08:53] } 18... f5 { [%eval 1.17] [%clk 1:09:47] } 19. c5 { [%eval 0.87] [%clk 1:04:38] } 19... fxe4? { [%eval 2.35] } { Mistake. dxc5 was best. } { [%clk 1:09:09] } (19... dxc5 20. bxc5 Nxc5 21. Nxc5 bxc5 22. Rb1 Bd6 23. Qc1 Kg7 24. Bb5 Bd7 25. Bxd7 Qxd7 26. Rb7) 20. Bb5?! { [%eval 1.37] } { Inaccuracy. c6 was best. } { [%clk 1:01:47] } (20. c6 e3 21. Bxe3 Nd8 22. bxa5 Nf5 23. Bg5 bxa5 24. a4 Bg7 25. Bc4 Rf8 26. Nb5 Qf7) 20... Qe7 { [%eval 1.79] [%clk 1:08:28] } 21. Nxe4 { [%eval 1.82] [%clk 1:01:47] } 21... a4 { [%eval 1.8] [%clk 1:01:08] } 22. Nbd2 { [%eval 1.69] [%clk 1:01:35] } 22... bxc5 { [%eval 1.85] [%clk 1:01:18] } 23. bxc5 { [%eval 1.57] [%clk 1:01:56] } 23... Nxc5 { [%eval 1.56] [%clk 1:00:58] } 24. Nxc5 { [%eval 1.48] [%clk 1:00:56] } 24... dxc5 { [%eval 1.47] [%clk 1:01:00] } 25. Ne4 { [%eval 1.41] [%clk 0:59:12] } 25... Nf5 { [%eval 1.39] [%clk 0:58:44] } 26. Bc6 { [%eval 1.28] [%clk 0:56:15] } 26... Rb8 { [%eval 1.47] [%clk 0:54:27] } 27. Bxc5 { [%eval 1.53] [%clk 0:55:24] } 27... Nd6 { [%eval 1.55] [%clk 0:54:16] } 28. Qxa4 { [%eval 1.83] [%clk 0:53:25] } 28... Bf5 { [%eval 1.94] [%clk 0:52:57] } 29. Rae1?! { [%eval 1.04] } { Inaccuracy. Qc2 was best. } { [%clk 0:50:27] } (29. Qc2 Bh6 30. a4 Qh4 31. Bf2 Bxe4 32. fxe4 Qxe4 33. Qxe4 Nxe4 34. Ba7 Rxf1+ 35. Rxf1 Rb2) 29... Bxe4 { [%eval 1.13] [%clk 0:50:12] } 30. Rxe4 { [%eval 0.84] [%clk 0:50:11] } 30... Qg5 { [%eval 0.67] [%clk 0:48:43] } 31. Rg4 { [%eval 0.54] [%clk 0:48:13] } 31... Qd2 { [%eval 1.05] [%clk 0:46:56] } 32. Qd1 { [%eval 0.67] [%clk 0:46:17] } 32... Qa5 { [%eval 0.73] [%clk 0:36:47] } 33. Bxd6?! { [%eval 0.08] } { Inaccuracy. Bb4 was best. } { [%clk 0:33:53] } (33. Bb4 Qa6) 33... Bxd6 { [%eval 0.04] [%clk 0:36:47] } 34. a4 { [%eval 0.02] [%clk 0:34:03] } 34... Rb2 { [%eval 0.0] [%clk 0:35:52] } 35. Kh1 { [%eval 0.0] [%clk 0:32:46] } 35... Rf8 { [%eval 0.15] [%clk 0:32:24] } 36. Qc1 { [%eval 0.24] [%clk 0:31:32] } 36... Rfb8 { [%eval 0.3] [%clk 0:24:51] } 37. Bb5 { [%eval 0.28] [%clk 0:31:20] } 37... Qd2 { [%eval 0.29] [%clk 0:24:33] } 38. h4 { [%eval 0.28] [%clk 0:19:58] } 38... Qxc1 { [%eval 0.28] [%clk 0:21:34] } 39. Rxc1 { [%eval 0.35] [%clk 0:20:25] } 39... Ra2 { [%eval 0.35] [%clk 0:21:45] } 40. h5 { [%eval 0.05] [%clk 0:15:35] } 40... Kf7 { [%eval 0.2] [%clk 0:21:37] } 41. h6 { [%eval 0.0] [%clk 0:14:20] } 41... Kf6 { [%eval 0.0] [%clk 0:21:16] } 42. Rgc4 { [%eval -0.02] [%clk 0:08:17] } 42... Rb7 { [%eval 0.0] [%clk 0:15:10] } 43. Rg4 { [%eval 0.02] [%clk 0:07:27] } 43... Rb6 { [%eval 0.06] [%clk 0:14:08] } 44. Kg1 { [%eval 0.02] [%clk 0:02:52] } 44... Rd2 { [%eval 0.0] [%clk 0:12:41] } 45. Bc6?! { [%eval -0.61] } { Inaccuracy. Kf1 was best. } { [%clk 0:01:34] } (45. Kf1 Rb8 46. Rc6 Rd1+ 47. Kf2 Ra1 48. Rc2 Rd8 49. Ke2 Ra3 50. Kd2 Ra1 51. Rc1 Ra3) 45... Ra2?! { [%eval 0.03] } { Inaccuracy. Rbb2 was best. } { [%clk 0:09:34] } (45... Rbb2) 46. Kf1 { [%eval -0.47] [%clk 0:27:56] } 46... Rbb2 { [%eval -0.58] [%clk 0:39:02] } 47. Kg1 { [%eval -0.44] [%clk 0:27:41] } 47... Rb6 { [%eval 0.01] [%clk 0:39:19] } 48. Bd7 { [%eval -0.25] [%clk 0:24:08] } 48... g5 { [%eval 0.0] [%clk 0:37:18] } 49. Bb5 { [%eval 0.0] [%clk 0:20:40] } 49... Kg6 { [%eval 0.0] [%clk 0:35:36] } 50. Rgc4 { [%eval 0.0] [%clk 0:20:35] } 50... Rb7 { [%eval 0.08] [%clk 0:30:56] } 51. R4c2 { [%eval 0.0] [%clk 0:20:29] } 51... Rxc2 { [%eval 0.47] [%clk 0:30:11] } 52. Rxc2 { [%eval 0.58] [%clk 0:20:56] } 52... Kxh6 { [%eval 0.53] [%clk 0:30:19] } 53. g4 { [%eval 0.51] [%clk 0:21:19] } 53... Kg6 { [%eval 0.59] [%clk 0:29:40] } 54. Bd3+ { [%eval 0.29] [%clk 0:21:03] } 54... Kg7 { [%eval 0.42] [%clk 0:29:14] } 55. a5 { [%eval 0.0] [%clk 0:21:11] } 55... Rb3 { [%eval 0.0] [%clk 0:24:23] } 56. Be2 { [%eval 0.0] [%clk 0:21:28] } 56... Ra3 { [%eval 0.0] [%clk 0:21:46] } 57. a6 { [%eval 0.0] [%clk 0:21:54] } 57... e4 { [%eval 0.0] [%clk 0:21:57] } 58. fxe4 { [%eval 0.0] [%clk 0:19:59] } 58... Kf6 { [%clk 0:22:19] } 59. e5+ Kxe5 1/2-1/2

[Event "37th Reykjavik op"]
[Site "Reykjavik ISL"]
[Date "2024.03.18"]
[Round "6.16"]
[White "Ivanchuk, Vasyl"]
[Black "Xu, Yuanyuan"]
[WhiteElo "2625"]
[BlackElo "2288"]
[Result "1-0"]
[EventDate "2024.03.15"]
[PlyCount "131"]

1. e4 { [%eval 0.13] [%clk 1:30:58] } 1... c6 { [%eval 0.24] [%clk 1:30:03] } 2. d4 { [%eval 0.28] [%clk 1:31:16] } 2... d5 { [%eval 0.31] [%clk 1:30:27] } 3. Nd2 { [%eval 0.32] [%clk 1:31:44] } 3... dxe4 { [%eval 0.38] [%clk 1:30:45] } 4. Nxe4 { [%eval 0.21] [%clk 1:32:11] } 4... Bf5 { [%eval 0.18] [%clk 1:30:57] } 5. Ng3 { [%eval 0.35] [%clk 1:32:25] } 5... Bg6 { [%eval 0.26] [%clk 1:31:23] } 6. Nf3 { [%eval 0.33] [%clk 1:32:47] } 6... e6 { [%eval 0.24] [%clk 1:31:42] } 7. h4 { [%eval 0.2] [%clk 1:33:07] } 7... h6 { [%eval 0.26] [%clk 1:32:07] } 8. h5 { [%eval 0.35] [%clk 1:33:23] } 8... Bh7 { [%eval 0.32] [%clk 1:32:33] } 9. Bd3 { [%eval 0.35] [%clk 1:33:51] } 9... Bxd3 { [%eval 0.25] [%clk 1:32:53] } 10. Qxd3 { [%eval 0.28] [%clk 1:34:18] } 10... Nf6 { [%eval 0.25] [%clk 1:32:44] } 11. Bd2 { [%eval 0.25] [%clk 1:34:40] } 11... Be7 { [%eval 0.23] [%clk 1:31:23] } 12. O-O-O { [%eval 0.26] [%clk 1:34:55] } 12... O-O { [%eval 0.24] [%clk 1:31:23] } 13. Kb1 { [%eval 0.19] [%clk 1:19:51] } 13... c5 { [%eval 0.26] [%clk 1:28:38] } 14. Ne4 { [%eval 0.25] [%clk 1:20:17] } 14... Nc6 { [%eval 0.23] [%clk 1:28:50] } 15. Be3 { [%eval 0.02] [%clk 1:09:27] } 15... Nb4 { [%eval 0.33] [%clk 1:15:07] } 16. Nxf6+ { [%eval 0.3] [%clk 1:02:13] } 16... Bxf6 { [%eval 0.35] [%clk 1:15:33] } 17. Qb3 { [%eval 0.33] [%clk 0:56:59] } 17... Nd5 { [%eval 0.3] [%clk 1:01:48] } 18. dxc5 { [%eval 0.31] [%clk 0:57:05] } 18... Qa5 { [%eval 0.45] [%clk 1:00:33] } 19. Nd2 { [%eval 0.48] [%clk 0:56:51] } 19... Nxe3 { [%eval 0.43] [%clk 0:53:58] } 20. Qxe3 { [%eval 0.3] [%clk 0:56:33] } 20... Qb5 { [%eval 0.84] [%clk 0:46:01] } 21. c3 { [%eval 0.73] [%clk 0:36:53] } 21... b6 { [%eval 0.7] [%clk 0:42:30] } 22. Ne4 { [%eval 0.8] [%clk 0:27:25] } 22... Be7 { [%eval 0.75] [%clk 0:42:11] } 23. Qd3 { [%eval 0.82] [%clk 0:20:35] } 23... Qc6 { [%eval 0.78] [%clk 0:32:25] } 24. Qf3 { [%eval 0.61] [%clk 0:20:57] } 24... Rfc8 { [%eval 0.62] [%clk 0:31:05] } 25. Rd3 { [%eval 0.71] [%clk 0:18:02] } 25... f5 { [%eval 0.88] [%clk 0:25:00] } 26. Nd2 { [%eval 0.93] [%clk 0:15:30] } 26... Qxf3 { [%eval 0.94] [%clk 0:21:18] } 27. Nxf3 { [%eval 1.03] [%clk 0:15:55] } 27... Bxc5 { [%eval 0.98] [%clk 0:21:43] } 28. Rd2 { [%eval 0.95] [%clk 0:14:38] } 28... Rd8 { [%eval 1.04] [%clk 0:17:22] } 29. Re2 { [%eval 0.79] [%clk 0:13:11] } 29... Rd5 { [%eval 0.73] [%clk 0:13:58] } 30. Kc2 { [%eval 0.73] [%clk 0:10:23] } 30... b5 { [%eval 1.0] [%clk 0:13:22] } 31. Rhe1 { [%eval 0.72] [%clk 0:05:54] } 31... f4 { [%eval 0.66] [%clk 0:10:18] } 32. b4 { [%eval 0.48] [%clk 0:06:22] } 32... Bb6 { [%eval 0.44] [%clk 0:09:06] } 33. Ne5 { [%eval 0.0] [%clk 0:06:30] } 33... Kh7?! { [%eval 0.87] } { Inaccuracy. a5 was best. } { [%clk 0:05:18] } (33... a5 34. Nd3 axb4 35. Rxe6 Bxf2 36. Re8+ Rxe8 37. Rxe8+ Kf7 38. Re4 f3 39. Rf4+ Ke7 40. Rxf3) 34. g4? { [%eval -0.27] } { Mistake. Rd1 was best. } { [%clk 0:04:51] } (34. Rd1) 34... fxg3 { [%eval -0.3] [%clk 0:04:33] } 35. fxg3 { [%eval -0.36] [%clk 0:05:20] } 35... Rf8?! { [%eval 0.55] } { Inaccuracy. a5 was best. } { [%clk 0:04:33] } (35... a5 36. Nd3 Rxh5 37. Rxe6 Rh2+ 38. R1e2 Rxe2+ 39. Rxe2 axb4 40. Nxb4 h5 41. Kb3 Bc7 42. Re3) 36. g4 { [%eval 0.43] [%clk 0:04:22] } 36... Rf4?! { [%eval 1.03] } { Inaccuracy. Rc8 was best. } { [%clk 0:04:32] } (36... Rc8 37. Nf3 Rf8 38. Nd2 Rg5 39. Rg2 Rf4 40. Re4 e5 41. Kd3 g6 42. Rxf4 exf4 43. Nf3) 37. Re4 { [%eval 1.37] [%clk 0:04:39] } 37... Rf2+ { [%eval 1.13] [%clk 0:03:14] } 38. R1e2 { [%eval 1.13] [%clk 0:05:01] } 38... Rxe2+ { [%eval 1.61] [%clk 0:03:16] } 39. Rxe2 { [%eval 1.17] [%clk 0:05:31] } 39... Kg8 { [%eval 1.14] [%clk 0:03:23] } 40. Kb3 { [%eval 0.98] [%clk 0:04:57] } 40... Kf8? { [%eval 2.37] } { Mistake. a6 was best. } { [%clk 0:03:16] } (40... a6 41. a4 Bd8 42. c4 bxc4+ 43. Kxc4 Rd1 44. Nd3 Kf7 45. Nc5 Rc1+ 46. Kb3 a5 47. Nb7) 41. a4 { [%eval 2.37] [%clk 0:05:15] } 41... a6 { [%eval 2.36] [%clk 0:29:50] } 42. c4 { [%eval 2.23] [%clk 0:34:41] } 42... bxc4+?! { [%eval 3.11] } { Inaccuracy. bxa4+ was best. } { [%clk 0:29:20] } (42... bxa4+ 43. Kxa4 Rd1 44. c5 Bc7 45. Ng6+ Kf7 46. Rf2+ Ke8 47. Rf8+ Kd7 48. Rf7+ Kc6 49. Ne7+) 43. Nxc4 { [%eval 2.83] [%clk 0:34:53] } 43... Bc7 { [%eval 3.41] [%clk 0:22:42] } 44. Rxe6 { [%eval 3.55] [%clk 0:35:02] } 44... Rd3+ { [%eval 3.57] [%clk 0:22:40] } 45. Kc2 { [%eval 3.5] [%clk 0:31:46] } 45... Rd4 { [%eval 3.31] [%clk 0:23:07] } 46. Kc3 { [%eval 3.17] [%clk 0:31:37] } 46... Rxg4 { [%eval 3.48] [%clk 0:23:30] } 47. Rxa6 { [%eval 3.28] [%clk 0:31:41] } 47... Rg5?! { [%eval 4.24] } { Inaccuracy. Rg3+ was best. } { [%clk 0:18:37] } (47... Rg3+ 48. Kc2 Rg2+ 49. Kd3 Rg5 50. Ra8+ Ke7 51. a5 Rb5 52. Kc3 Bg3 53. a6 Be1+ 54. Kd3) 48. a5 { [%eval 3.92] [%clk 0:29:26] } 48... Bg3 { [%eval 4.62] [%clk 0:16:28] } 49. Ra8+ { [%eval 4.48] [%clk 0:16:21] } 49... Ke7 { [%eval 4.73] [%clk 0:16:30] } 50. a6 { [%eval 4.57] [%clk 0:16:50] } 50... Be1+ { [%eval 4.75] [%clk 0:15:49] } 51. Kb3 { [%eval 4.73] [%clk 0:17:16] } 51... Rb5 { [%eval 5.97] [%clk 0:13:10] } 52. Re8+ { [%eval 5.96] [%clk 0:17:33] } 52... Kxe8 { [%eval 5.91] [%clk 0:12:44] } 53. Nd6+ { [%eval 5.82] [%clk 0:18:01] } 53... Kd7 { [%eval 5.62] [%clk 0:12:25] } 54. Nxb5 { [%eval 6.21] [%clk 0:18:26] } 54... Kc6 { [%eval 6.2] [%clk 0:12:16] } 55. Nd4+ { [%eval 6.1] [%clk 0:18:43] } 55... Kb6 { [%eval 6.1] [%clk 0:12:33] } 56. b5 { [%eval 5.9] [%clk 0:19:08] } 56... Bh4 { [%eval 6.42] [%clk 0:10:55] } 57. Kc4 { [%eval 6.14] [%clk 0:19:23] } 57... Bg5 { [%eval 6.43] [%clk 0:09:03] } 58. Ne6 { [%eval 6.21] [%clk 0:19:18] } 58... Bf6 { [%eval 7.48] [%clk 0:09:14] } 59. Nf4 { [%eval 8.16] [%clk 0:19:41] } 59... Bh4 { [%eval 9.83] [%clk 0:08:21] } 60. Nd5+ { [%eval 9.18] [%clk 0:20:02] } 60... Ka7 { [%eval 8.57] [%clk 0:08:46] } 61. Kc5 { [%eval 7.53] [%clk 0:20:25] } 61... Bf2+ { [%eval 11.51] [%clk 0:08:28] } 62. Kc6 { [%eval 9.13] [%clk 0:20:44] } 62... Bd4 { [%eval 8.91] [%clk 0:07:30] } 63. Nf4 { [%eval 7.4] [%clk 0:20:33] } 63... Bf6? { [%eval #17] } { Checkmate is now unavoidable. Bc3 was best. } { [%clk 0:04:29] } (63... Bc3 64. Ne6 Bf6 65. b6+ Kxa6 66. Nc7+ Ka5 67. b7 Kb4 68. Nd5+ Kc4 69. Nxf6 gxf6 70. b8=Q) 64. Ne6 { [%eval 8.49] [%clk 0:20:41] } 64... Be5?? { [%eval #8] } { Checkmate is now unavoidable. Bg5 was best. } { [%clk 0:04:29] } (64... Bg5 65. b6+ Kxa6 66. Nc7+ Ka5 67. b7 Kb4 68. b8=Q+ Kc3 69. Ne6 Bf6 70. Qg3+ Kd2 71. Qf2+) 65. b6+ { [%eval #19] [%clk 0:20:43] } 65... Kxa6 { [%eval #26] [%clk 0:03:41] } 66. Nc7+ { [%eval 10.63] [%clk 0:21:01] } 1-0

[Event "37th Reykjavik op"]
[Site "Reykjavik ISL"]
[Date "2024.03.18"]
[Round "6.17"]
[White "Galperin, Platon"]
[Black "Unzicker, Ferdinand, Dr."]
[WhiteElo "2555"]
[BlackElo "2284"]
[Result "1-0"]
[EventDate "2024.03.15"]
[PlyCount "58"]

1. Nf3 { [%eval 0.2] [%clk 1:23:45] } 1... d5 { [%eval 0.2] [%clk 1:30:37] } 2. g3 { [%eval 0.19] [%clk 1:24:08] } 2... c6 { [%eval 0.33] [%clk 1:29:09] } 3. Bg2 { [%eval 0.2] [%clk 1:24:31] } 3... Bg4 { [%eval 0.26] [%clk 1:29:14] } 4. h3 { [%eval 0.17] [%clk 1:24:55] } 4... Bh5 { [%eval 0.22] [%clk 1:28:41] } 5. c4 { [%eval 0.22] [%clk 1:25:04] } 5... e6 { [%eval 0.28] [%clk 1:28:29] } 6. O-O { [%eval 0.26] [%clk 1:25:24] } 6... Nd7 { [%eval 0.41] [%clk 1:24:19] } 7. d4 { [%eval 0.17] [%clk 1:25:23] } 7... Bd6 { [%eval 0.54] [%clk 1:16:47] } 8. Nc3 { [%eval 0.41] [%clk 1:24:38] } 8... Ne7 { [%eval 0.73] [%clk 1:16:55] } 9. Qb3 { [%eval 0.75] [%clk 1:19:44] } 9... Qb6 { [%eval 0.83] [%clk 1:08:05] } 10. e4 { [%eval 0.67] [%clk 1:05:35] } 10... Qxb3 { [%eval 0.72] [%clk 0:52:36] } 11. axb3 { [%eval 0.74] [%clk 1:06:01] } 11... O-O { [%eval 0.74] [%clk 0:50:43] } 12. Nh4 { [%eval 0.37] [%clk 0:59:16] } 12... dxe4 { [%eval 0.36] [%clk 0:45:47] } 13. Nxe4 { [%eval 0.37] [%clk 0:59:18] } 13... Bc7 { [%eval 0.38] [%clk 0:44:33] } 14. Bd2 { [%eval 0.42] [%clk 0:56:42] } 14... Rfd8 { [%eval 0.37] [%clk 0:36:31] } 15. Bb4 { [%eval 0.33] [%clk 0:40:47] } 15... Ng6 { [%eval 0.33] [%clk 0:33:45] } 16. Nf3 { [%eval 0.33] [%clk 0:37:30] } 16... Ngf8 { [%eval 0.72] [%clk 0:32:23] } 17. Bd6 { [%eval 0.64] [%clk 0:33:04] } 17... Rdc8 { [%eval 0.82] [%clk 0:31:35] } 18. Ne5 { [%eval 0.98] [%clk 0:31:44] } 18... f6 { [%eval 1.24] [%clk 0:31:14] } 19. Nxd7 { [%eval 1.08] [%clk 0:31:54] } 19... Nxd7 { [%eval 1.2] [%clk 0:31:30] } 20. Rfe1 { [%eval 1.05] [%clk 0:31:04] } 20... Bf7 { [%eval 1.31] [%clk 0:29:24] } 21. Bxc7 { [%eval 1.21] [%clk 0:28:16] } 21... Rxc7 { [%eval 1.22] [%clk 0:29:52] } 22. Nd6 { [%eval 1.14] [%clk 0:28:36] } 22... a6?! { [%eval 2.11] } { Inaccuracy. Kf8 was best. } { [%clk 0:19:07] } (22... Kf8) 23. d5? { [%eval 0.73] } { Mistake. Nxb7 was best. } { [%clk 0:18:53] } (23. Nxb7 Rxb7 24. Bxc6 Rba7 25. Bxa8 Rxa8 26. Ra5 Nb8 27. Rc5 Nd7 28. Rc6 Nf8 29. Ra1 Rd8) 23... e5?! { [%eval 1.31] } { Inaccuracy. cxd5 was best. } { [%clk 0:11:15] } (23... cxd5 24. cxd5) 24. dxc6 { [%eval 1.28] [%clk 0:13:53] } 24... bxc6 { [%eval 1.35] [%clk 0:11:36] } 25. b4 { [%eval 0.88] [%clk 0:13:42] } 25... Rb8 { [%eval 0.78] [%clk 0:09:58] } 26. Rxa6 { [%eval 0.71] [%clk 0:14:00] } 26... Rxb4 { [%eval 0.68] [%clk 0:09:58] } 27. Rxc6 { [%eval 0.37] [%clk 0:06:32] } 27... Rxc6 { [%eval 0.55] [%clk 0:05:55] } 28. Bxc6 { [%eval 0.57] [%clk 0:06:59] } 28... Rb6?? { [%eval 3.14] } { Blunder. Be6 was best. } { [%clk 0:05:50] } (28... Be6 29. Ra1 Kf8 30. Ra8+ Ke7 31. Nc8+ Kf7 32. Ra7 Ke8 33. Bxd7+ Bxd7 34. Nd6+ Kd8 35. Nb7+) 29. Nc8 { [%eval 3.17] [%clk 0:07:11] } 29... Bxc4?! { [%eval 4.51] } { Inaccuracy. Rxb2 was best. } { [%clk 0:04:22] } (29... Rxb2 30. Bxd7 Bxc4 31. Nd6 Ba2 32. Bb5 Kf8 33. Bc4 Rb1 34. Kf1 Rxe1+ 35. Kxe1 Bb1 36. Bd5) 1-0

[Event "37th Reykjavik op"]
[Site "Reykjavik ISL"]
[Date "2024.03.18"]
[Round "6.18"]
[White "Stanford, Maxim Barth"]
[Black "Fernandez, Daniel Howard"]
[WhiteElo "2275"]
[BlackElo "2532"]
[Result "0-1"]
[EventDate "2024.03.15"]
[PlyCount "80"]

1. e4 { [%eval 0.13] [%clk 1:30:45] } 1... c6 { [%eval 0.24] [%clk 1:22:44] } 2. d4 { [%eval 0.28] [%clk 1:30:44] } 2... d5 { [%eval 0.31] [%clk 1:23:09] } 3. e5 { [%eval 0.19] [%clk 1:30:38] } 3... Bf5 { [%eval 0.38] [%clk 1:22:55] } 4. h4 { [%eval 0.16] [%clk 1:30:27] } 4... h5 { [%eval 0.14] [%clk 1:22:39] } 5. Bd3 { [%eval 0.16] [%clk 1:29:30] } 5... Bxd3 { [%eval 0.17] [%clk 1:19:32] } 6. Qxd3 { [%eval 0.14] [%clk 1:29:52] } 6... Qa5+ { [%eval 0.26] [%clk 1:19:57] } 7. b4 { [%eval 0.0] [%clk 1:26:10] } 7... Qxb4+ { [%eval 0.0] [%clk 1:18:54] } 8. Nd2 { [%eval 0.22] [%clk 1:25:00] } 8... e6 { [%eval 0.35] [%clk 1:19:22] } 9. Nf3? { [%eval -1.1] } { Mistake. Rb1 was best. } { [%clk 1:20:55] } (9. Rb1 Qe7) 9... Qa4 { [%eval -1.03] [%clk 1:18:12] } 10. O-O { [%eval -1.06] [%clk 1:17:08] } 10... Nh6 { [%eval -1.01] [%clk 1:16:01] } 11. Rb1 { [%eval -1.28] [%clk 1:10:46] } 11... b5 { [%eval -1.21] [%clk 1:03:51] } 12. Nb3 { [%eval -1.09] [%clk 1:05:56] } 12... Nf5 { [%eval -1.18] [%clk 1:02:12] } 13. g3 { [%eval -1.5] [%clk 1:03:25] } 13... Nd7 { [%eval -1.51] [%clk 0:59:34] } 14. Bd2 { [%eval -1.8] [%clk 0:50:40] } 14... Rc8 { [%eval -1.8] [%clk 0:56:50] } 15. a3 { [%eval -1.6] [%clk 0:41:08] } 15... Qc4 { [%eval -1.25] [%clk 0:48:05] } 16. Bb4 { [%eval -1.32] [%clk 0:38:28] } 16... c5 { [%eval -0.97] [%clk 0:46:08] } 17. dxc5 { [%eval -0.88] [%clk 0:38:05] } 17... Nxc5 { [%eval -0.74] [%clk 0:46:18] } 18. Qxc4 { [%eval -0.72] [%clk 0:36:31] } 18... dxc4 { [%eval -0.87] [%clk 0:46:44] } 19. Nbd2?! { [%eval -1.6] } { Inaccuracy. Nxc5 was best. } { [%clk 0:35:44] } (19. Nxc5) 19... a6 { [%eval -1.54] [%clk 0:46:42] } 20. Kg2 { [%eval -1.8] [%clk 0:30:46] } 20... Na4 { [%eval -1.66] [%clk 0:43:55] } 21. Ne4 { [%eval -1.87] [%clk 0:30:43] } 21... Bxb4 { [%eval -1.8] [%clk 0:42:19] } 22. axb4 { [%eval -1.85] [%clk 0:31:05] } 22... Ke7 { [%eval -1.71] [%clk 0:42:35] } 23. Rfd1 { [%eval -1.67] [%clk 0:29:08] } 23... Rhd8 { [%eval -1.74] [%clk 0:43:01] } 24. Rxd8 { [%eval -2.13] [%clk 0:25:02] } 24... Rxd8 { [%eval -1.8] [%clk 0:43:28] } 25. Ra1?! { [%eval -2.55] } { Inaccuracy. c3 was best. } { [%clk 0:24:12] } (25. c3) 25... Nd4 { [%eval -2.37] [%clk 0:39:06] } 26. Nxd4 { [%eval -2.47] [%clk 0:22:26] } 26... Rxd4 { [%eval -2.47] [%clk 0:39:33] } 27. Kf3 { [%eval -2.74] [%clk 0:20:58] } 27... c3 { [%eval -2.43] [%clk 0:31:30] } 28. Ra3?! { [%eval -3.36] } { Inaccuracy. Rb1 was best. } { [%clk 0:20:02] } (28. Rb1 f5 29. Ng5 Rd2 30. Rc1 Nb6 31. Ra1 Nc4 32. Rxa6 Nxe5+ 33. Kf4 Nc4 34. Rxe6+ Kd7) 28... Rxb4 { [%eval -3.29] [%clk 0:30:08] } 29. Nxc3 { [%eval -3.36] [%clk 0:19:23] } 29... Nc5 { [%eval -3.53] [%clk 0:30:26] } 30. Ne2 { [%eval -3.71] [%clk 0:17:17] } 30... Rc4 { [%eval -3.75] [%clk 0:29:11] } 31. c3 { [%eval -4.05] [%clk 0:16:40] } 31... Kd7 { [%eval -4.05] [%clk 0:25:05] } 32. Ra2 { [%eval -3.89] [%clk 0:12:58] } 32... Kc7 { [%eval -4.0] [%clk 0:24:22] } 33. Kg2 { [%eval -3.87] [%clk 0:11:10] } 33... Kb6 { [%eval -4.02] [%clk 0:23:06] } 34. Rd2 { [%eval -3.86] [%clk 0:09:42] } 34... a5 { [%eval -3.93] [%clk 0:23:11] } 35. Rd8 { [%eval -3.98] [%clk 0:08:57] } 35... a4 { [%eval -3.95] [%clk 0:22:28] } 36. Rb8+ { [%eval -4.23] [%clk 0:09:00] } 36... Kc6 { [%eval -4.25] [%clk 0:18:18] } 37. Nd4+?! { [%eval -5.44] } { Inaccuracy. Rd8 was best. } { [%clk 0:08:21] } (37. Rd8 a3 38. Rd6+ Kb7 39. Rd1 Ra4 40. Ra1 Kb6 41. Ra2 Nd3 42. Nd4 Nxe5 43. Nc2 Nc4) 37... Rxd4 { [%eval -5.26] [%clk 0:16:34] } 38. cxd4 { [%eval -5.06] [%clk 0:08:46] } 38... Na6 { [%eval -5.34] [%clk 0:16:54] } 39. d5+ { [%eval -5.54] [%clk 0:04:46] } 39... exd5 { [%eval -5.43] [%clk 0:17:18] } 40. Ra8 { [%eval -5.55] [%clk 0:04:09] } 40... Nc7 { [%eval -5.55] [%clk 0:17:38] } 0-1